| 000 | 01461cam a2200385 a 4500 | ||
|---|---|---|---|
| 001 | 12985209 | ||
| 003 | OSt | ||
| 005 | 20140310182242.0 | ||
| 008 | 021029s2003 nyua c 000 1 eng | ||
| 010 | _a 2002152124 | ||
| 020 | _a0439401860 | ||
| 020 | _a0439401879 (pbk.) | ||
| 040 |
_aDLC _cDLC _dDLC |
||
| 041 | 1 |
_aeng _hspa |
|
| 042 | _alcac | ||
| 050 | 0 | 0 |
_aPZ 7 _b.Se479 2003 |
| 082 | 0 | 0 |
_aFIC _bSe6s 2003 |
| 100 | 1 |
_aSepúlveda, Luis, _d1949- _919181 |
|
| 240 | 1 | 0 |
_aHistoria de una gaviota y del gato que le enseñó a volar. _lEnglish |
| 245 | 1 | 4 |
_aThe story of a seagull and the cat who taught her to fly / _cLuis Sepúlveda ; translated from the Spanish by Margaret Sayers Peden ; illustrated by Chris Sheban. |
| 250 | _a1st American ed. | ||
| 260 |
_aNew York : _bArthur A. Levine Books, _cc2003. |
||
| 300 |
_a126 p. : _bill. ; _c20 cm. |
||
| 650 | 1 |
_aGulls _vFiction. _919182 |
|
| 650 | 1 |
_aCats _vFiction. _919183 |
|
| 650 | 1 |
_aFlight _vFiction. _919184 |
|
| 650 | 1 |
_aOil spills _vFiction. _919185 |
|
| 700 | 1 |
_aPeden, Margaret Sayers. _917196 |
|
| 700 | 1 |
_aSheban, Chris, _eill. _919186 |
|
| 856 | 4 | 2 |
_3Publisher description _uhttp://www.loc.gov/catdir/description/schol051/2002152124.html |
| 906 |
_a7 _bcbc _corignew _d1 _eecip _f20 _gy-gencatlg |
||
| 942 |
_2lcc _cBK-FIC |
||
| 999 |
_c11169 _d11169 |
||